000 00469nam a2200157 4500
001 135990
003 ES-MaACL
005 20230906195016.0
007 t|
008 070214s1918 fr r ||||1| fre d
100 1 _aRovere, Julien.
_9100121
245 1 4 _aLes survivances françaises dans l'Alemagne Napoleonienne
_b: 1815-1914 /
_cJulien Rovere.
260 _aCouloummiers :
_bPaul Brodard,
_c1918.
300 _aVIII, 414 p. ;
_c23 cm.
852 _aES-MaACL
_jF-8945
999 _c135990
_d135990